5M+ Subdivisions of South America on a Map - Statistics

General Stats
  • This quiz has been taken 120 times
  • The average score is 14 of 17
Answers on the Map
Answers color-coded by a green-red scale on the quiz's map according to % correct below.
 
Answer Stats
Country Type Subdivision % Correct
Argentina 2022 C Province Buenos Aires
99%
Brazil 2025 E State Rio de Janeiro
99%
Chile 2024 C Region Santiago
98%
Brazil 2025 E State São Paulo
98%
Colombia 2023 P District Capital District
95%
Brazil 2025 E State Pará
92%
Brazil 2025 E State Bahia
89%
Brazil 2025 E State Rio Grande do Sul
85%
Peru 2022 P Province Lima
84%
Brazil 2025 E State Minas Gerais
84%
Brazil 2025 E State Paraná
80%
Brazil 2025 E State Goiás
77%
Brazil 2025 E State Santa Catarina
77%
Brazil 2025 E State Pernambuco
76%
Brazil 2025 E State Maranhão
72%
Brazil 2025 E State Ceará
71%
Colombia 2023 P Department Antioquia
50%
No matching quizzes found
Score Distribution
Percent of People with Each Score
Percentile by Number Answered
Your Score History
You have not taken this quiz